000
00262nam a2200097Ia 4500
001
642519
005
20250826153528.0
008
250824s9999 xx 000 0 und d
245
0
_a
VADİDEKİ ZAMBAK ANTİK
_c
HONORE DE BALZAC
260
_b
ANTİK DÜNYA KLASİKLERİ
999
_c
642519
_d
642519